Charles Goodyear ; Connecticut Yankee and rubber pioneer /

Bibliographic Details
Main Author: Barker, Preston Wallace, 1896-
Format: Book
Language:English
Published: Boston, Mass. : Priv. print by G. L. Cabot, inc., [1940]
Subjects:

MARC

Tag First Indicator Second Indicator Subfields
LEADER 00000cam a2200000 4500
001 in00000094025
005 20150927070242.0
008 720824s1940 eng u
010 |a  40009754  
035 |a (OCoLC)00390360 
035 |9 AAL5878AM 
040 |c KSU  |d TXA  |d UtOrBLW 
049 |a TXAM  |c [1141382] 
050 0 |a TS1885.U6  |b B3 
100 1 |a Barker, Preston Wallace,  |d 1896- 
245 1 0 |a Charles Goodyear ;  |b Connecticut Yankee and rubber pioneer /  |c a biography by P. W. Barker. 
264 1 |a Boston, Mass. :  |b Priv. print by G. L. Cabot, inc.,  |c [1940] 
300 |a xi, 109 pages :  |b illustrations ;  |c 29 cm. 
336 |a text  |b txt  |2 rdacontent 
337 |a unmediated  |b n  |2 rdamedia 
338 |a volume  |b nc  |2 rdacarrier 
504 |a Bibliography: pages 97-98. 
600 1 0 |a Goodyear, Charles,  |d 1800-1860. 
650 0 |a Rubber. 
999 |a MARS 
999 f f |s 93ad76d7-0bb9-3e22-9a06-244c441d55f3  |i 13131c15-fb0c-3d67-9158-174af87e203f  |t 0 
952 f f |p normal  |a Texas A&M University  |b College Station  |c Sterling C. Evans Library  |d Evans: Library Stacks  |t 0  |e TS1885.U6 B3  |h Library of Congress classification  |i unmediated -- volume  |m A14805653693 
998 f f |a TS1885.U6 B3  |t 0  |l Evans: Library Stacks